[Event "FRA-ch U14"]
[Site "Le Grand Bornand"]
[Date "2007.04.??"]
[Round "2"]
[White "Fischer, Baptiste"]
[Black "Cazottes, Guillaume"]
[Result "0-1"]
[WhiteElo "1840"]
[BlackElo "1902"]
[PlyCount "54"]
[EventDate "2007.04.07"]
[EventType "swiss"]
[EventRounds "9"]
[EventCountry "FRA"]
[SourceTitle "CBM 118 Extra"]
[Source "ChessBase"]
[SourceDate "2007.07.04"]
[SourceVersion "1"]
[SourceVersionDate "2007.07.04"]
[SourceQuality "1"]

1. e4 c5 2. Nf3 d6 3. d4 cxd4 4. Nxd4 Nf6 5. Nc3 a6 6. Be3 e5 7. Nb3 Be6 8. Nd5 Nbd7 9. f3 Rc8 10. c4 Bxd5 11. exd5 Nb6 12. Nd2 Nfd7 13. b3 g6 14. Ne4 h6 15. Qd2 f5 16. Nc3 Bg7 17. Be2 Qf6 18. Rc1 0-0 19. Bxh6 Qh4+ 20. g3 Qxh6 21. Qd1 Nf6 22. Bd3 Qe3+ 23. Be2 e4 24. f4 Ng4 25. Rf1 Bxc3+ 26. Rxc3 Qxc3+ 27. Qd2 Qxd2+ 0-1

[Event "FRA-ch U08"]
[Site "Amiens"]
[Date "2001.04.15"]
[Round "9"]
[White "Hetier, Stanislas"]
[Black "Fischer, Baptiste"]
[Result "1-0"]
[WhiteElo "1420"]
[BlackElo "1010"]
[PlyCount "97"]
[EventDate "2001.04.??"]
[EventType "swiss"]
[EventRounds "9"]
[EventCountry "FRA"]
[SourceTitle "EXT 2005"]
[Source "ChessBase"]
[SourceDate "2004.11.15"]
[SourceVersion "1"]
[SourceVersionDate "2004.11.15"]
[SourceQuality "1"]

1. e4 e5 2. Nf3 Nc6 3. Bc4 Bc5 4. Nc3 d6 5. d3 Bg4 6. h3 Bxf3 7. Qxf3 Nf6 8. 0-0 0-0 9. Bg5 Re8 10. Nd5 Re6 11. Nxf6+ Rxf6 12. Bxf6 gxf6 13. Qg4+ Kf8 14. Qh5 Qe7 15. Qxh7 Qe8 16. Qh8+ Ke7 17. Qxe8+ Rxe8 18. Kh1 Nd4 19. f4 Nxc2 20. Rac1 Ne3 21. Rf3 Rg8 22. Rg1 Nxc4 23. dxc4 Bxg1 24. Kxg1 Kd7 25. fxe5 dxe5 26. Rxf6 Ke7 27. Rf5 Ke6 28. Kf2 Rd8 29. Ke3 Rd4 30. b3 Rd6 31. h4 Rd8 32. g4 Rg8 33. Kf3 f6 34. g5 fxg5 35. Rxg5 Rxg5 36. hxg5 Kf7 37. Kg4 Kg8 38. Kf5 b6 39. Kxe5 Kf7 40. Kf5 a6 41. g6+ Kf8 42. e5 b5 43. Kf6 bxc4 44. bxc4 c5 45. g7+ Kg8 46. e6 a5 47. e7 a4 48. e8Q+ Kh7 49. Qh8# 1-0